South Eastern Kenya University

Library Online Public Access Catalogue


Calculus with analytic geometry. (Record no. 11430)

MARC details
000 -LEADER
fixed length control field 00850cam a2200289 a 4500
001 - CONTROL NUMBER
control field 2601236
003 - CONTROL NUMBER IDENTIFIER
control field OSt
005 - DATE AND TIME OF LATEST TRANSACTION
control field 20160229103808.0
008 - FIXED-LENGTH DATA ELEMENTS--GENERAL INFORMATION
fixed length control field 970618s1998 maua d 001 0 eng d
010 ## - LIBRARY OF CONGRESS CONTROL NUMBER
LC control number 97072511
020 ## - INTERNATIONAL STANDARD BOOK NUMBER
International Standard Book Number 0395899206
040 ## - CATALOGING SOURCE
Original cataloging agency SEKU
050 00 - LIBRARY OF CONGRESS CALL NUMBER
Classification number QA 303
Item number .L33 1998
100 1# - MAIN ENTRY--PERSONAL NAME
Personal name Larson, Ron,
Dates associated with a name 1941-
245 10 - TITLE STATEMENT
Title Calculus with analytic geometry.
Statement of responsibility, etc. Roland E. Larson, Robert P. Hostetler, Bruce H. Edwards ; with the assistance of David E. Heyd.
246 14 - VARYING FORM OF TITLE
Title proper/short title Calculus
250 ## - EDITION STATEMENT
Edition statement 6th ed.
260 ## - PUBLICATION, DISTRIBUTION, ETC. (IMPRINT)
Place of publication, distribution, etc. Boston :
Name of publisher, distributor, etc. Houghton Mifflin Co.,
Date of publication, distribution, etc. 1998.
300 ## - PHYSICAL DESCRIPTION
Extent 1106, 210 p. :
Other physical details ill. (some col.) ;
500 ## - GENERAL NOTE
General note Includes index.
650 #0 - SUBJECT ADDED ENTRY--TOPICAL TERM
Topical term or geographic name as entry element Calculus.
650 #0 - SUBJECT ADDED ENTRY--TOPICAL TERM
Topical term or geographic name as entry element Geometry, Analytic.
700 1# - ADDED ENTRY--PERSONAL NAME
Personal name Hostetler, Robert P.
700 1# - ADDED ENTRY--PERSONAL NAME
Personal name Edwards, Bruce H.,
Dates associated with a name 1946-
700 1# - ADDED ENTRY--PERSONAL NAME
Personal name Heyd David E.
942 ## - ADDED ENTRY ELEMENTS (KOHA)
Source of classification or shelving scheme Library of Congress Classification
Koha item type General circulation
Holdings
Withdrawn status Lost status Source of classification or shelving scheme Damaged status Not for loan Home library Current library Shelving location Date acquired Source of acquisition Total Checkouts Full call number Barcode Date last seen Price effective from Koha item type Public note
    Library of Congress Classification     Mtito Andei Centre Library Mtito Andei Centre Library General Stacks 24/02/2016 Donations - Books for Africa   QA 303 .L33 1998 2016/014997 24/02/2016 24/02/2016 General circulation 3kwa
Kitui, Kenya.
+254736116989
library@seku.ac.ke